000 00321nam a22001337a 4500
008 181019b xxu||||| |||| 00| 0 eng d
020 _a9780131139367
041 _aeng
080 _212 ED
_a370
100 _a37
101 _aEDU
245 _aSocial Studies In Elemenatry Education
_cParker.W.C
942 _2udc
_cBK
999 _c50177
_d50177